| 000 | 00555nam a2200193 i 4500 | ||
|---|---|---|---|
| 001 | 24505 | ||
| 003 | ES-MaACL | ||
| 005 | 20251204171146.0 | ||
| 007 | t| | ||
| 008 | 021217s1963 sp ||||1| spa d | ||
| 100 | 1 |
_aAndric, Ivo. _921671 |
|
| 245 | 1 | 3 |
_aEl lugar maldito / _cIvo Andric ; [versión española de José Antonio Bravo]. |
| 250 | _a3ª ed. | ||
| 260 |
_aBarcelona : _bLuis de Caralt, _c[1963] |
||
| 300 |
_a162 p. ; _c18 cm. |
||
| 700 |
_aBravo, José Antonio _9198639 |
||
| 852 |
_aES-MaACL _jC-23428 _bR.52054 |
||
| 999 |
_c24505 _d24505 |
||